[Event "Africa-ch U18"]
[Site "Windhoek"]
[Date "2019.12.20"]
[Round "8.1"]
[White "Leffad, Samy"]
[Black "Fouad, Mohamed"]
[Result "1/2-1/2"]
[WhiteElo "1949"]
[BlackElo "1944"]
[PlyCount "30"]
[EventDate "2019.12.16"]
[EventType "swiss"]
[EventRounds "9"]
[EventCountry "NAM"]
[SourceTitle "EXT 2024"]
[Source "ChessBase"]
[SourceDate "2023.10.10"]
[SourceVersion "1"]
[SourceVersionDate "2023.10.10"]
[SourceQuality "1"]

1. d4 d5 2. c4 e6 3. Nc3 Nf6 4. Nf3 Be7 5. Bf4 0-0 6. e3 b6 7. Bd3 Bb7 8. 0-0 dxc4 9. Bxc4 Nd5 10. Nxd5 exd5 11. Bd3 c5 12. dxc5 Bxc5 13. Rc1 Nd7 14. Qe2 Qc7 15. Rfd1 Rfd8 1/2-1/2

[Event "Africa-ch U18"]
[Site "Windhoek"]
[Date "2019.12.19"]
[Round "5.3"]
[White "Mwale, Samuel"]
[Black "Leffad, Samy"]
[Result "0-1"]
[WhiteElo "1745"]
[BlackElo "1949"]
[PlyCount "64"]
[EventDate "2019.12.16"]
[EventType "swiss"]
[EventRounds "9"]
[EventCountry "NAM"]
[SourceTitle "EXT 2024"]
[Source "ChessBase"]
[SourceDate "2023.10.10"]
[SourceVersion "1"]
[SourceVersionDate "2023.10.10"]
[SourceQuality "1"]

1. e4 c5 2. Nf3 d6 3. d4 cxd4 4. Nxd4 Nf6 5. Nc3 a6 6. Be2 e5 7. Nb3 Be7 8. Be3 Be6 9. 0-0 0-0 10. f3 Nbd7 11. Qd2 b5 12. Rfd1 Nb6 13. Bxb6 Qxb6+ 14. Kh1 Rac8 15. Bd3 h6 16. Ne2 d5 17. Ng3 Rfd8 18. Qe2 dxe4 19. Nxe4 Nd5 20. Nc3 Nxc3 21. bxc3 Qc7 22. a4 Qxc3 23. axb5 axb5 24. Ra7 Bg5 25. Qe4 Rxd3 26. Rxd3 Qxc2 27. h4 Qb1+ 28. Kh2 Bf4+ 29. g3 Qb2+ 30. Kg1 Bh3 31. Nd2 Bxg3 32. Ra8 Qc1+ 0-1

[Event "ALG-chT"]
[Site "Ain Oulmane"]
[Date "2019.11.02"]
[Round "4.2"]
[White "Leffad, Samy"]
[Black "Benhadi, Aziz Madani"]
[Result "0-1"]
[WhiteElo "1967"]
[BlackElo "2120"]
[PlyCount "62"]
[EventDate "2019.11.01"]
[EventType "team-swiss"]
[EventRounds "9"]
[EventCountry "ALG"]
[SourceTitle "EXT 2021"]
[Source "ChessBase"]
[SourceDate "2020.10.23"]
[SourceVersion "1"]
[SourceVersionDate "2020.10.23"]
[SourceQuality "1"]
[WhiteTeam "Tizi Ouzou"]
[BlackTeam "Constantine ASE"]
[WhiteTeamCountry "ALG"]
[BlackTeamCountry "ALG"]

1. d4 Nf6 2. c4 d6 3. Nc3 g6 4. e4 Bg7 5. f3 0-0 6. Be3 e5 7. d5 c6 8. Qd2 cxd5 9. cxd5 Nh5 10. Bd3 Nd7 11. Nge2 Nc5 12. g4 Nxd3+ 13. Qxd3 Nf6 14. 0-0-0 Bd7 15. Ng3 Qa5 16. Kb1 b5 17. h4 b4 18. Nce2 Rab8 19. h5 b3 20. a3 Bb5 21. Qd2 Qa6 22. Nc3 Rfc8 23. hxg6 fxg6 24. Nxb5 Rc2 25. Qd3 Rxb5 26. Rc1 Nxd5 27. Bd2 Nf4 28. Qe3 d5 29. Bc3 d4 30. Bxd4 exd4 31. Qxf4 d3 0-1

[Event "ALG-ch U20"]
[Site "Tiaret"]
[Date "2019.06.28"]
[Round "5"]
[White "Boulrens, Ala Eddine"]
[Black "Leffad, Samy"]
[Result "1/2-1/2"]
[WhiteElo "1929"]
[BlackElo "1850"]
[PlyCount "70"]
[EventDate "2019.06.26"]
[EventType "swiss"]
[EventRounds "9"]
[EventCountry "ALG"]
[SourceTitle "EXT 2020"]
[Source "ChessBase"]
[SourceDate "2019.10.17"]
[SourceVersion "1"]
[SourceVersionDate "2019.10.17"]
[SourceQuality "1"]

1. e4 c5 2. c3 d5 3. exd5 Qxd5 4. d4 Nf6 5. Nf3 Bg4 6. Be2 Nc6 7. 0-0 cxd4 8. cxd4 e6 9. Nc3 Qd6 10. h3 Bf5 11. Be3 Be7 12. Rc1 0-0 13. Qd2 Rfd8 14. Rfd1 Rac8 15. Nb5 Qd7 16. g4 Bg6 17. Ne5 Nxe5 18. dxe5 Qxd2 19. Bxd2 Rxc1 20. Bxc1 Nd5 21. Nc3 Nxc3 22. Rxd8+ Bxd8 23. bxc3 Bc7 24. f4 Bb1 25. Be3 b6 26. Bc4 g5 27. Kf2 Be4 28. Kg3 Kf8 29. Bd4 Ke7 30. fxg5 Kf8 31. Kf4 Bb1 32. Ke3 Bd8 33. h4 Kg7 34. Kf4 Be7 35. Bb3 Bd3 1/2-1/2

[Event "ALG-ch U20"]
[Site "Tiaret"]
[Date "2019.06.27"]
[Round "3"]
[White "Benrekia, Yacine"]
[Black "Leffad, Samy"]
[Result "0-1"]
[WhiteElo "1685"]
[BlackElo "1850"]
[PlyCount "78"]
[EventDate "2019.06.26"]
[EventType "swiss"]
[EventRounds "9"]
[EventCountry "ALG"]
[SourceTitle "EXT 2020"]
[Source "ChessBase"]
[SourceDate "2019.10.17"]
[SourceVersion "1"]
[SourceVersionDate "2019.10.17"]
[SourceQuality "1"]

1. e4 c5 2. Nf3 d6 3. d4 cxd4 4. Nxd4 Nf6 5. Nc3 a6 6. h3 e5 7. Nde2 h5 8. g3 Be7 9. Bg2 Nbd7 10. 0-0 b5 11. a4 b4 12. Nd5 Nxd5 13. exd5 0-0 14. f4 exf4 15. Nxf4 h4 16. g4 a5 17. Be3 Ba6 18. Rf2 Ne5 19. b3 Rc8 20. Be4 Bg5 21. Bd4 g6 22. Nd3 Re8 23. Bxe5 Be3 24. Bf4 Rxe4 25. Bxe3 Rxe3 26. Nf4 Rg3+ 27. Kh2 Rcc3 28. Qd4 Qe7 29. Qd2 Rge3 30. Kg1 Qe5 31. Ng2 Rxh3 32. Qf4 Rh1+ 33. Kxh1 Rh3+ 34. Kg1 Qxa1+ 35. Rf1 Qxf1+ 36. Qxf1 Bxf1 37. Kxf1 Rh1+ 38. Kf2 h3 39. Ne3 h2 0-1

[Event "ALG-ch U20"]
[Site "Tiaret"]
[Date "2019.06.27"]
[Round "2"]
[White "Leffad, Samy"]
[Black "Aissou, Lotfi"]
[Result "1-0"]
[WhiteElo "1850"]
[BlackElo "1567"]
[PlyCount "67"]
[EventDate "2019.06.26"]
[EventType "swiss"]
[EventRounds "9"]
[EventCountry "ALG"]
[SourceTitle "EXT 2020"]
[Source "ChessBase"]
[SourceDate "2019.10.17"]
[SourceVersion "1"]
[SourceVersionDate "2019.10.17"]
[SourceQuality "1"]

1. d4 Nf6 2. c4 e6 3. Nc3 Bb4 4. Qc2 d5 5. a3 Bxc3+ 6. Qxc3 Ne4 7. Qc2 Nd7 8. Nf3 h6 9. e3 Ndf6 10. Bd3 0-0 11. 0-0 b6 12. b3 Bb7 13. a4 c5 14. Bb2 Rc8 15. Qe2 Qe7 16. a5 Rfe8 17. Rfd1 Qc7 18. Rdc1 Ng4 19. Rf1 dxc4 20. axb6 axb6 21. bxc4 Nd2 22. Qxd2 Bxf3 23. g3 Qc6 24. h3 Nf6 25. Kh2 Ra8 26. Qc3 h5 27. dxc5 bxc5 28. Rxa8 Rxa8 29. Qe5 Kf8 30. Qf4 Be4 31. Bxe4 Nxe4 32. Rd1 Ra2 33. Qb8+ Ke7 34. Qd8# 1-0

[Event "ALG-ch U20"]
[Site "Tiaret"]
[Date "2019.06.27"]
[Round "4"]
[White "Leffad, Samy"]
[Black "Brahami, Lamine"]
[Result "1/2-1/2"]
[WhiteElo "1850"]
[BlackElo "2045"]
[PlyCount "120"]
[EventDate "2019.06.26"]
[EventType "swiss"]
[EventRounds "9"]
[EventCountry "ALG"]
[SourceTitle "EXT 2020"]
[Source "ChessBase"]
[SourceDate "2019.10.17"]
[SourceVersion "1"]
[SourceVersionDate "2019.10.17"]
[SourceQuality "1"]

1. d4 g6 2. c4 Bg7 3. Nc3 d6 4. Nf3 Nd7 5. g3 Ngf6 6. Bg2 0-0 7. 0-0 e5 8. e4 h6 9. b3 Nh7 10. Re1 Re8 11. Bb2 Ng5 12. Nxg5 hxg5 13. dxe5 Bxe5 14. f3 Nc5 15. Qd2 Ne6 16. Rad1 Kg7 17. Nd5 f6 18. Rf1 c6 19. Ne3 Qb6 20. Rde1 a5 21. Qf2 Bxb2 22. Qxb2 Nc5 23. Qd4 a4 24. f4 gxf4 25. gxf4 axb3 26. axb3 Qxb3 27. Qxd6 Nd3 28. Rd1 Nb2 29. Rde1 Nxc4 30. Nxc4 Qxc4 31. e5 fxe5 32. fxe5 Be6 33. Qc7+ Kh6 34. Qxb7 Qd4+ 35. Kh1 Bd5 36. Rg1 Ra2 37. Qb1 Qd2 38. Qc1 Qxc1 39. Rxc1 Rxe5 40. Bxd5 cxd5 41. Rc6 Rg5 42. Rd6 Rxg1+ 43. Kxg1 Rd2 44. Kf1 Kg5 45. Ke1 Rd4 46. Ke2 Kf5 47. Ke3 Re4+ 48. Kf3 Re5 49. h4 g5 50. hxg5 Kxg5 51. Rd8 Kf5 52. Rd6 Kg5 53. Rd8 Kf5 54. Rd6 Kg5 55. Rd8 Kf6 56. Kf4 Rf5+ 57. Ke3 Ke7 58. Ra8 Kd6 59. Rc8 Rh5 60. Kd3 Rh4 1/2-1/2

[Event "World ol U16"]
[Site "Konya"]
[Date "2018.11.30"]
[Round "7.23"]
[White "Brahami, Lamine"]
[Black "Leffad, Samy"]
[Result "0-1"]
[WhiteElo "1996"]
[BlackElo "1776"]
[PlyCount "78"]
[EventDate "2018.11.25"]
[EventType "team-swiss"]
[EventRounds "9"]
[EventCountry "TUR"]
[SourceTitle "CBM 187 Extra"]
[Source "ChessBase"]
[SourceDate "2018.11.04"]
[SourceVersion "1"]
[SourceVersionDate "2018.11.04"]
[SourceQuality "1"]
[WhiteTeam "Algeria"]
[BlackTeam "Algeria II"]
[WhiteTeamCountry "ALG"]
[BlackTeamCountry "ALG"]

1. d4 Nf6 2. c4 g6 3. Nc3 d5 4. Nf3 Bg7 5. Qb3 dxc4 6. Qxc4 Na6 7. e4 c5 8. dxc5 0-0 9. Be2 Be6 10. Qb5 Qc7 11. c6 Bc8 12. 0-0 bxc6 13. Qc4 Rb8 14. a3 Rd8 15. h3 h6 16. Rb1 Nd7 17. Be3 Nb6 18. Bxb6 axb6 19. b4 Be6 20. Qxa6 Ra8 21. Nb5 Qb8 22. Qxa8 Qxa8 23. Nc7 Qc8 24. Nxe6 Qxe6 25. e5 Bxe5 26. Nxe5 Qxe5 27. Bf3 c5 28. Rfe1 Qc7 29. Rbc1 c4 30. b5 Qc5 31. Re4 c3 32. Rc2 Rd2 33. Re2 Rxc2 34. Rxc2 Qxa3 35. Be2 Qa1+ 36. Kh2 f5 37. Kg3 e5 38. Kf3 Qa8+ 39. Ke3 Qe4# 0-1

[Event "World ol U16"]
[Site "Konya"]
[Date "2018.11.27"]
[Round "4.20"]
[White "Li, Henry"]
[Black "Leffad, Samy"]
[Result "1-0"]
[WhiteElo "2219"]
[BlackElo "1776"]
[PlyCount "99"]
[EventDate "2018.11.25"]
[EventType "team-swiss"]
[EventRounds "9"]
[EventCountry "TUR"]
[SourceTitle "CBM 187 Extra"]
[Source "ChessBase"]
[SourceDate "2018.11.04"]
[SourceVersion "1"]
[SourceVersionDate "2018.11.04"]
[SourceQuality "1"]
[WhiteTeam "Ireland"]
[BlackTeam "Algeria II"]
[WhiteTeamCountry "IRL"]
[BlackTeamCountry "ALG"]

1. e4 c5 2. Nf3 d6 3. d4 cxd4 4. Nxd4 Nf6 5. Nc3 a6 6. Bg5 e6 7. f4 Be7 8. Qf3 Qc7 9. 0-0-0 Nbd7 10. g4 b5 11. Bxf6 Nxf6 12. g5 Nd7 13. f5 Nc5 14. Rg1 b4 15. Nce2 Bb7 16. Ng3 Bxg5+ 17. Kb1 e5 18. Nb3 Rc8 19. Bd3 Nxd3 20. Qxd3 Be7 21. Nf1 Kf8 22. Ne3 f6 23. Rg2 a5 24. Nd2 Qc5 25. Ndc4 Ba6 26. b3 a4 27. h4 Bb5 28. h5 h6 29. Qe2 Bc6 30. Nd5 Bd8 31. Nce3 Bb5 32. Qd2 axb3 33. cxb3 Be8 34. Rh2 Rb8 35. Rc1 Qb5 36. Rc4 Ba5 37. Nxf6 d5 38. Nfxd5 Bf7 39. Qc2 Qb7 40. Rc5 Bd8 41. Rc4 Ba5 42. Qb2 Bxd5 43. Nxd5 Re8 44. Rc5 Qa7 45. Rhc2 Bb6 46. Rc6 Bd4 47. Qc1 Rg8 48. Nxb4 Qa5 49. Nd5 Qb5 50. Nc7 1-0

[Event "Africa-ch U14"]
[Site "Port Elizabeth"]
[Date "2016.08.27"]
[Round "7"]
[White "Shah, Dev Bijesh"]
[Black "Leffad, Samy"]
[Result "0-1"]
[WhiteElo "1424"]
[BlackElo "1655"]
[PlyCount "86"]
[EventDate "2016.08.22"]
[EventType "swiss"]
[EventRounds "9"]
[EventCountry "RSA"]
[SourceTitle "CBM 174 Extra"]
[Source "ChessBase"]
[SourceDate "2016.10.10"]
[SourceVersion "1"]
[SourceVersionDate "2016.10.10"]
[SourceQuality "1"]

1. d4 Nf6 2. c4 e6 3. Nc3 d5 4. Nf3 Nbd7 5. e3 Be7 6. Bd2 0-0 7. b3 c5 8. cxd5 exd5 9. Bd3 b6 10. Rc1 Bb7 11. 0-0 Re8 12. Qe2 a6 13. Na4 Ne4 14. Rc2 b5 15. Nxc5 Nexc5 16. dxc5 Bxc5 17. Rd1 Bb6 18. Bc3 Nf6 19. Rdc1 Ne4 20. Rd1 Nxc3 21. Rxc3 Qe7 22. Qc2 g6 23. Be2 Rad8 24. Nd4 Rd6 25. Qc1 Qe5 26. Bf3 f5 27. h3 Qf6 28. Rcd3 Qe5 29. Ne2 g5 30. Qd2 Red8 31. a3 Kf7 32. Nc3 Ke6 33. b4 Bc6 34. Qa2 a5 35. e4 Kf6 36. exd5 Bd7 37. g3 Qxg3+ 38. Kf1 Qxh3+ 39. Bg2 Qg4 40. Rh3 h5 41. Qb2 h4 42. Nxb5+ Bd4 43. Nxd4 Qxd1# 0-1